Statistics for Historical Figures by Image #3

Click here to take the quiz!

General Stats

  • This quiz has been taken 134 times
  • The average score is 4 of 10

Answer Stats

Thomas Jefferson% Correct
Wolfgang Amadeus Mozart
75%
Genghis Khan
72%
Confucius
59%
Thomas Jefferson
50%
Nicolaus Copernicus
29%
Friedrich Nietzsche
25%
Peter the Great
24%
Voltaire
24%
Gregor Mendel
13%
Marco Polo
11%

Score Distribution

Percentile by Number Answered

Percent of People with Each Score

Your Score History

You have not taken this quiz